000 00812nam a2200241Ia 4500
003 OSt
005 20220924113025.0
006 a|||||r|||| 00| 0
007 ta
008 220923b |||||||| |||| 00| 0 eng d
024 _a54472
037 _cDictionary
040 _aARTS
_cARTS
_beng
041 _2eng
_aeng
082 _aP111:4k, 441E6.1-.3 (RR)
100 _aHemeling K
_9169338
245 0 _aEnglish-Chinese dictionary of the standard Chinese spoken language and handbook for translators
260 _aNew
_bYork Books for Libraries Press
_c1916
490 _aDictionaries of the world reprint and micropublication series , ed by Steven E Hegaard
650 _aLINGUISTICS
942 _hP111:4k, 441E6.1-.3 (RR)
_cdic
_2cc
999 _c389014
_d389014